000 00262nam a2200109Ia 4500
008 190216s9999||||xx |||||||||||||| ||und||
100 _aBatli Boi
245 0 _aWorks Organisation Management And Cost Control
260 _bNull
_c1963
300 _a698p
942 _cBK
999 _c4286
_d4286